Orientaciones educativas para niños de 0 a 3 años

Guardado en:
Detalles Bibliográficos
Autor principal: Justo de la Rosa, Marisol
Formato: Desconocido
Lenguaje:español
Publicado: Madrid Bruño 1991
Catálogo:MANES:  Resultados de Búsqueda del Catálogo
Clasificación de libros de texto:
Colección:Nueva Escuela; 21
Etiquetas: Agregar Etiqueta
Sin Etiquetas, Sea el primero en etiquetar este registro!
Añadido a:2016-04-26

MARC

LEADER 000000000a22000000004500
001 04580
003 OSt
008 160427s sp ||||| |||| 00| 0 spa d
040 |c centro_manes 
041 1 |a spa 
691 7 |a IN 
100 1 |a Justo de la Rosa, Marisol  |9 936 
245 0 0 |a Orientaciones educativas para niños de 0 a 3 años 
260 3 |a Madrid  |b Bruño  |c 1991 
300 |a 191 p.  |c 22x15 cm 
440 |a Nueva Escuela; 21  |9 937 
500 |a Fecha de publicación tomada del Depósito Legal 
942 |2 ddc  |c BK 
546 |a España 
999 |c 10554  |d 10554 
999 |c manes:10554  |d 10554